| 000 | 01199cam a2200325 i 4500 | ||
|---|---|---|---|
| 999 |
_c59545 _d59545 |
||
| 001 | 59545 | ||
| 003 | Mx-PuUPA | ||
| 005 | 20191008160348.0 | ||
| 008 | 140415s1985 sp a r 000 0 spa d | ||
| 020 | _a8445804731 | ||
| 040 |
_aMx-PuUPA _bspa _cMx-PuUPA _dMx-PuUPA _erda |
||
| 041 | 1 |
_aspa _hfre |
|
| 100 | 1 |
_98429 _aBorel, Jean-Claude, _eautor |
|
| 240 | 1 | 0 |
_aManuel de prothèse partielle amovible. _lEspañol |
| 245 | 1 | 0 |
_aManual de prótesis parcial removible / _cJean-Claude Borel, Jean Schittly, Joseph Exbrayat ; versión española José F. López Lozano |
| 250 | _aPrimera edición | ||
| 264 | 1 |
_aBarcelona, España : _bMasson, _c1985 |
|
| 300 |
_a169 páginas : _bilustraciones ; _c24 cm. |
||
| 336 |
_2rdacontent _atexto _btxt |
||
| 337 |
_2rdamedia _asin medio _bn |
||
| 338 |
_2rdacarrier _avolumen _bnc |
||
| 650 | 4 | _aPrótesis dentales | |
| 700 | 1 |
_aSchittly, Jean, _eautor |
|
| 700 | 1 |
_aExbrayat, Joseph, _eautor |
|
| 700 | 1 |
_aLópez Lozano, José F., _etraducción |
|
| 700 | 1 |
_iTraducción de (obra): _aBorel, Jean-Claude. _tManuel de prothèse partielle amovible |
|
| 942 |
_2ddc _cLI _h617.69 _iB726 |
||